[Event "World Senior 65+ 2014"]
[Site "Katerini GRE"]
[Date "2014.10.29"]
[Round "6.24"]
[White "Awawdeh, Fayez"]
[Black "Harding, Tim D"]
[Result "0-1"]
[WhiteTitle "FM"]
[WhiteElo "2012"]
[BlackElo "2095"]
[WhiteFideId "8100721"]
[BlackFideId "2500256"]
[EventDate "2014.10.24"]

1. e4 e5 2. Nf3 Nc6 3. Bb5 a6 4. Ba4 Nf6 5. O-O Be7 6. Re1 b5 7. Bb3 O-O 8. c3
d5 9. exd5 Nxd5 10. Nxe5 Nxe5 11. Rxe5 Bb7 12. d4 Bf6 13. Re1 Qd6 14. Nd2 Rae8
15. Nf3 Nf4 16. Be3 g5 17. h3 Kh8 18. a4 Qd7 19. Bxf4 gxf4 20. axb5 axb5 21. Qd3
Rg8 22. Rxe8 Qxe8 23. Re1 Qd7 24. Kf1 Rg6 25. Bc2 Bd5 26. b3 Qc6 27. Re2 Rh6 28.
Ne1 Be6 29. f3 Rh5 30. Qd2 Bh4 31. Nd3 Bg3 32. Nf2 Qd7 33. Qd3 Bf5 34. Re4 Bxf2
35. Kxf2 Qd8 36. Qe2 Qh4+ 37. Kf1 Bxe4 38. Bxe4 Qe7 39. Qd3 Qa3 40. Qb1 Rh6 41.
Bd5 Kg7 42. Qe1 Qd6 43. Be4 Qe6 44. Qd2 Rf6 45. Qc2 h6 46. c4 bxc4 47. bxc4 Qa6
48. Qc3 Kg8 49. Kg1 Qa7 50. Kh2 Ra6 51. c5 c6 52. Qd2 Qc7 53. Bc2 Ra3 54. Bb1
Re3 55. Qc2 Re6 56. Qh7+ Kf8 57. Bf5 Rf6 58. h4 Qd8 59. Qh8+ Ke7 60. Qxd8+ Kxd8
61. Be4 Re6 62. h5 Kc7 63. Kh3 Re7 64. d5 cxd5 65. Bxd5 f5 66. g4 fxg3 67. Kxg3
Re5 68. Bf7 Rxc5 69. Kf4 Kd6 70. Kg3 Ke5 71. Be8 Rc8 72. Bf7 Rc7 73. Be8 Rg7+
74. Bg6 Re7 75. Kg2 Kf4 76. Kf2 Ra7 77. Ke2 Ra2+ 78. Ke1 Ke3 79. Kd1 f4 80. Be4
Rd2+ 81. Ke1 Rh2 82. Kf1 Rxh5 83. Kg2 Rg5+ 0-1

[Event "World Senior 65+ 2014"]
[Site "Katerini GRE"]
[Date "2014.10.29"]
[Round "6.25"]
[White "Reuben, Stewart"]
[Black "Benson, Lachlan"]
[Result "1/2-1/2"]
[WhiteTitle "CM"]
[WhiteElo "2089"]
[BlackElo "1998"]
[WhiteFideId "405256"]
[BlackFideId "3205410"]
[EventDate "2014.10.24"]

1. c4 Nf6 2. Nc3 e6 3. d4 d5 4. Bg5 c6 5. e3 Nbd7 6. Nf3 Be7 7. Qc2 O-O 8. Bd3
dxc4 9. Bxc4 Nd5 10. Bxe7 Qxe7 11. O-O Nxc3 12. Qxc3 Nb6 13. e4 Bd7 14. Bd3 Rac8
15. Qa5 Ra8 16. Rac1 f5 17. Qe5 Qf6 18. Rfe1 Qxe5 19. Nxe5 Rad8 20. Bc4 Nxc4 21.
Rxc4 Be8 22. f3 Rf6 23. Kf2 g5 24. a4 Rh6 25. h3 Bg6 26. a5 fxe4 27. fxe4 Rf8+
28. Kg1 Rf4 29. Rb4 b6 30. Nxc6 Bxe4 31. Nxa7 bxa5 32. Rb5 Bd5 33. Rd1 g4 34.
Nc8 Kf7 35. Rxa5 gxh3 36. gxh3 Rxh3 37. Rxd5 exd5 38. b4 Rg3+ 39. Kh2 Rg6 40.
Kh3 Rf3+ 41. Kh4 Rc3 42. Rf1+ Ke8 43. Re1+ Kd7 44. Ne7 Rg2 45. Nxd5 Rb3 46. Re4
Kd6 47. Nf4 Rh2+ 48. Kg5 Rxb4 49. Re6+ Kd7 50. d5 Rh1 51. Nh5 Rg1+ 52. Kf5 Rf1+
53. Kg5 Rg1+ 54. Kf5 Rf1+ 1/2-1/2

[Event "World Senior 65+ 2014"]
[Site "Katerini GRE"]
[Date "2014.10.29"]
[Round "6.26"]
[White "Andreas, Guenter"]
[Black "Bondar, Leonid"]
[Result "1/2-1/2"]
[WhiteElo "1992"]
[BlackElo "2061"]
[WhiteFideId "24625760"]
[BlackFideId "2006227"]
[EventDate "2014.10.24"]

1. c4 e5 2. Nc3 Nf6 3. g3 Nc6 4. Bg2 Be7 5. Nf3 d6 6. d4 exd4 7. Nxd4 Bd7 8. O-O
O-O 9. Nd5 Re8 10. Nxe7+ Qxe7 11. Bg5 h6 12. Bxf6 Qxf6 13. Nxc6 Bxc6 14. Bxc6
bxc6 15. b3 Re4 1/2-1/2

[Event "World Senior 65+ 2014"]
[Site "Katerini GRE"]
[Date "2014.10.29"]
[Round "6.27"]
[White "Gromark, Per-Olof"]
[Black "Rave, Avraham"]
[Result "1-0"]
[WhiteElo "2050"]
[BlackElo "1838"]
[WhiteFideId "1722433"]
[BlackFideId "2805367"]
[EventDate "2014.10.24"]

1. Nf3 Nf6 2. c4 d5 3. cxd5 Nxd5 4. e4 Nb6 5. d4 g6 6. Nc3 Bg7 7. Be3 O-O 8. Qd2
Re8 9. h3 c6 10. Rd1 Be6 11. b3 f6 12. Be2 Bf7 13. O-O N8d7 14. Nh2 e6 15. f4 f5
16. e5 Rc8 17. Nf3 Bf8 18. Qb2 a6 19. Bf2 Bb4 20. Bh4 Qc7 21. a3 Bxc3 22. Qxc3
Nd5 23. Qd2 c5 24. Bf2 cxd4 25. Rc1 Qb8 26. Bxd4 b5 27. g3 Red8 28. Rfd1 h6 29.
Bf2 Qb7 30. Qb2 Rc7 31. Rxc7 Qxc7 32. Rc1 Qb7 33. Rc2 a5 34. Nd4 b4 35. a4 N7b6
36. Bf3 Rc8 37. Qc1 Qd7 38. Rxc8+ Qxc8 39. Qxc8+ Nxc8 40. Nc6 Be8 41. Nxa5 Nc3
42. Bc5 Na2 43. Bb7 Bd7 44. Nc6 Bxc6 45. Bxc6 Kf7 46. a5 Nc1 47. Bb7 Nxb3 48.
Bxb4 Na7 49. Be1 Ke7 50. a6 Nd4 51. Bf2 Ndb5 52. Kf1 Kd7 53. Bxa7 Nxa7 54. h4
Kc7 55. Ke2 Kb6 56. Kd3 Nb5 57. Kc4 Nc7 58. Bc8 Kc6 59. a7 Kb6 60. a8=Q Nxa8 61.
Bxe6 Kc7 62. Bf7 Kd7 63. Bxg6 Ke6 64. Kc5 Nc7 65. Bh7 Ne8 66. Bg6 Nc7 67. Bh7
Ne8 68. Kc6 Ng7 69. Bg6 Ke7 70. Kd5 Kd7 71. e6+ Ke7 72. Ke5 Nxe6 73. Bxf5 Nc7
74. g4 Kf8 75. Be4 Kg7 76. f5 Ne8 77. g5 Kh8 78. f6 Nxf6 79. Kxf6 hxg5 80. hxg5
Kg8 81. Bd5+ 1-0

[Event "World Senior 65+ 2014"]
[Site "Katerini GRE"]
[Date "2014.10.29"]
[Round "6.28"]
[White "Korenevski, Oleg"]
[Black "Doubleday, William G."]
[Result "0-1"]
[WhiteElo "1915"]
[BlackElo "2057"]
[WhiteFideId "3206386"]
[BlackFideId "2682419"]
[EventDate "2014.10.24"]

1. d4 d5 2. Nc3 Nf6 3. Bf4 e6 4. a3 a6 5. Qd3 c5 6. dxc5 Bxc5 7. b4 Ba7 8. e3
Nc6 9. Nf3 O-O 10. Be2 Qe7 11. Ne5 Nxe5 12. Bxe5 Bd7 13. O-O Bc6 14. Rfb1 Bb8
15. Bxb8 Rfxb8 16. a4 b6 17. b5 axb5 18. axb5 Bb7 19. Na4 Qc7 20. c4 Ra5 21. Nb2
Rba8 22. Rxa5 Rxa5 23. Nd1 g6 24. f3 Qc5 25. Qd4 Qxd4 26. exd4 dxc4 27. Bxc4 Ra4
28. Ne3 Nd5 29. Bxd5 Bxd5 30. Nc2 Bc4 31. Rb4 Rxb4 32. Nxb4 Bxb5 33. d5 Bd7 34.
Kf2 Kf8 35. Ke3 Ke7 36. Kd4 Kd6 37. dxe6 Bxe6 38. f4 h5 39. g3 f6 40. f5 gxf5
41. Nd3 b5 42. Nb4 Bc4 43. h4 Ke6 44. Nc2 f4 45. gxf4 Kf5 46. Ke3 Kg4 47. Ke4
Kxh4 48. Ne3 Be6 49. f5 Bf7 50. Kf4 b4 51. Nd1 Bd5 52. Nb2 b3 53. Nd3 Kh3 54.
Nb2 Kg2 55. Nd3 Bc4 56. Nb2 Be2 57. Ke3 Bb5 58. Kf4 h4 59. Nd1 h3 60. Ne3+ Kg1 0-1

[Event "World Senior 65+ 2014"]
[Site "Katerini GRE"]
[Date "2014.10.29"]
[Round "6.29"]
[White "Marcovici, Adrian"]
[Black "Lelis, Janis"]
[Result "1-0"]
[WhiteElo "2042"]
[BlackElo "1846"]
[WhiteFideId "2801175"]
[BlackFideId "11604328"]
[EventDate "2014.10.24"]

1. e4 e5 2. Nf3 d6 3. d4 f6 4. Nc3 Be6 5. Be3 a6 6. a4 g6 7. Qd2 Bg7 8. Be2 Ne7
9. O-O O-O 10. Bh6 Qc8 11. Rad1 Bg4 12. h3 Bxf3 13. Bxf3 exd4 14. Nd5 Nbc6 15.
Bxg7 Kxg7 16. Nxe7 Nxe7 17. Qxd4 Nc6 18. Qc3 Ne5 19. Be2 Re8 20. f4 Nc6 21. Bf3
Qe6 22. Rfe1 Rad8 23. b4 Qf7 24. Rd3 h6 25. Rde3 Qd7 26. Kh2 h5 27. g3 Kf7 28.
Rd1 Qe7 29. b5 axb5 30. axb5 Na7 31. Qc4+ Kg7 32. Qa4 Nc8 33. Red3 Kf8 34. Qd4
Qg7 35. c4 b6 36. Re3 Qe7 37. Rde1 Qg7 38. R1e2 Rd7 39. Ra3 Ne7 40. Rea2 Red8
41. Qd3 f5 42. exf5 Nxf5 43. Bxh5 gxh5 44. Qxf5+ Qf7 45. Qxf7+ Rxf7 46. Ra8 Ke7
47. Rxd8 Kxd8 48. Rd2 Kd7 49. Rd5 h4 50. Rg5 hxg3+ 51. Kxg3 Re7 52. f5 Re3+ 53.
Kh4 Rc3 54. Rg7+ Ke8 55. Rxc7 d5 56. Kg5 dxc4 57. h4 Rc1 58. Kf6 c3 59. h5 c2
60. h6 Rh1 61. Rxc2 Rxh6+ 62. Kg5 Rh7 63. Rc8+ Kf7 64. Rc7+ Kg8 65. Rxh7 Kxh7
66. Kf6 1-0

[Event "World Senior 65+ 2014"]
[Site "Katerini GRE"]
[Date "2014.10.29"]
[Round "6.30"]
[White "Hohler, Peter"]
[Black "Hmooda, Elhabib"]
[Result "1-0"]
[WhiteTitle "FM"]
[WhiteElo "2187"]
[BlackElo "1718"]
[WhiteFideId "1300296"]
[BlackFideId "9202528"]
[EventDate "2014.10.24"]

1. d4 d5 2. c4 Nf6 3. cxd5 Nxd5 4. e4 Nb6 5. Nf3 Bg4 6. Be2 g6 7. Nc3 Bg7 8. Be3
c6 9. O-O N8d7 10. Qb3 Bxf3 11. Bxf3 h5 12. Be2 Nf6 13. f3 Qc7 14. a4 a5 15.
Rac1 Qd8 16. Rfd1 O-O 17. d5 Nbd7 18. dxc6 bxc6 19. e5 Rb8 20. Qa2 Nd5 21. Nxd5
cxd5 22. Qxd5 Nxe5 23. Qc5 Nd7 24. Qc6 Ne5 25. Rxd8 Nxc6 26. Rxf8+ Rxf8 27. Rxc6
Bxb2 28. Ba6 Rd8 29. Rc8 Rxc8 30. Bxc8 e5 31. Kf1 Ba3 32. Bd2 Bb4 33. Bxb4 axb4
34. Bb7 f5 35. Bd5+ 1-0

[Event "World Senior 65+ 2014"]
[Site "Katerini GRE"]
[Date "2014.10.29"]
[Round "6.32"]
[White "Pitzl, Konstantinos"]
[Black "Kayaman, Metin"]
[Result "1/2-1/2"]
[WhiteElo "2048"]
[BlackElo "1878"]
[WhiteFideId "1627112"]
[BlackFideId "6301185"]
[EventDate "2014.10.24"]

1. Nf3 Nf6 2. g3 d5 3. Bg2 Bg4 4. c4 e6 5. cxd5 exd5 6. Qb3 Qc8 7. Nc3 c6 8. d3
Nbd7 9. O-O Be7 10. Bf4 O-O 11. Rac1 Nc5 12. Qc2 Re8 13. Nd4 Bh3 14. e4 Bxg2 15.
Kxg2 Bf8 16. exd5 1/2-1/2

[Event "World Senior 65+ 2014"]
[Site "Katerini GRE"]
[Date "2014.10.29"]
[Round "6.33"]
[White "Krstic, Slobodan AUS"]
[Black "Keze, Arnis"]
[Result "1-0"]
[WhiteElo "2038"]
[BlackElo "1684"]
[WhiteFideId "3203379"]
[BlackFideId "4165845"]
[EventDate "2014.10.24"]

1. e4 c5 2. Nf3 d6 3. d4 cxd4 4. Nxd4 Nf6 5. Nc3 a6 6. Be3 e5 7. Nb3 Be6 8. f3
Be7 9. Qd2 Nbd7 10. a4 Bxb3 11. cxb3 Qa5 12. Kf2 Rc8 13. Be2 Nc5 14. Bc4 O-O 15.
Rhd1 Qd8 16. Kg1 Ne6 17. a5 Nh5 18. Bb6 Qe8 19. g3 Ng5 20. Qe2 Qd7 21. Nd5 Bd8
22. f4 Nh3+ 23. Kh1 exf4 24. Qxh5 Bxb6 25. Nxb6 Nf2+ 26. Kg2 Qc6 27. Kxf2 Qxe4
28. Nxc8 g6 29. Qf3 fxg3+ 30. hxg3 Qc2+ 31. Kg1 Qxb2 32. Nxd6 Qe5 33. Nxf7 Qc5+
34. Kg2 Qxa5 35. Nh6+ Kg7 36. Rd7+ Kxh6 37. Qxf8+ Kg5 38. Qf4+ 1-0

[Event "World Senior 65+ 2014"]
[Site "Katerini GRE"]
[Date "2014.10.29"]
[Round "6.34"]
[White "Robinson, John K"]
[Black "Blaushtain, Boris"]
[Result "1-0"]
[WhiteElo "1983"]
[BlackElo "2018"]
[WhiteFideId "406490"]
[BlackFideId "2804638"]
[EventDate "2014.10.24"]

1. d4 Nf6 2. Nc3 d5 3. Bg5 Bf5 4. e3 Nbd7 5. Bd3 Bxd3 6. Qxd3 c6 7. Nf3 Qa5 8.
O-O e6 9. a3 Bd6 10. Rfe1 h6 11. Bxf6 Nxf6 12. e4 dxe4 13. Nxe4 Nxe4 14. Qxe4
Qd5 15. Rad1 O-O-O 16. Qxd5 cxd5 17. Ne5 Bxe5 18. dxe5 Rd7 19. Rd4 Rc7 20. c3
Kd7 21. h4 h5 22. g3 Ke7 23. f4 g6 24. Kf2 Rhc8 25. Ke3 a5 26. Red1 Rc5 27. Ra4
b6 28. Rad4 Ra8 29. R1d2 a4 30. Rb4 b5 31. Rbd4 f6 32. Rf2 Rc4 33. exf6+ Kxf6
34. Rfd2 Re8 35. Kf3 Kf5 36. Rd1 Rec8 37. Rxc4 Rxc4 38. Rd4 Rc5 39. Rb4 e5 40.
fxe5 Kxe5 41. g4 Rc4 42. Rxc4 bxc4 43. gxh5 gxh5 44. Ke3 d4+ 45. cxd4+ Kd5 46.
Ke2 Ke4 47. Kd1 Kxd4 48. Kd2 Kd5 49. Kc2 Ke4 50. Kc3 Kf4 51. Kxc4 Kg4 52. b4
axb3 53. Kxb3 Kxh4 54. a4 Kg3 55. a5 h4 56. a6 Kg2 57. a7 h3 58. a8=Q+ Kg1 59.
Qa7+ Kg2 60. Qb7+ Kg1 61. Qb6+ Kf1 62. Qb5+ Kf2 63. Qf5+ Kg3 64. Qd3+ Kg2 65.
Qe2+ Kh1 66. Qf3+ 1-0

[Event "World Senior 65+ 2014"]
[Site "Katerini GRE"]
[Date "2014.10.29"]
[Round "6.35"]
[White "Belokopyt, Boris"]
[Black "Chirinos Cabrera, Cleren Jesus"]
[Result "0-1"]
[BlackTitle "CM"]
[WhiteElo "1940"]
[BlackElo "2009"]
[WhiteFideId "4152530"]
[BlackFideId "3900150"]
[EventDate "2014.10.24"]

1. Nf3 Nf6 2. c4 g6 3. d4 Bg7 4. Nc3 O-O 5. e4 d6 6. h3 c6 7. Be2 Qc7 8. O-O e5
9. Be3 Nbd7 10. Qd2 Re8 11. dxe5 dxe5 12. b4 Nf8 13. Rad1 Nh5 14. c5 Nf4 15. Bc4
Be6 16. Bxe6 N8xe6 17. b5 Rad8 18. Qc1 Qa5 19. bxc6 bxc6 20. Rd6 Qxc3 21. Rxe6
fxe6 22. Bxf4 exf4 23. Qxf4 Qxc5 24. e5 Qe7 25. Rc1 c5 26. Qe4 Rd5 27. h4 Red8
28. Rc4 Qb7 29. Kh2 Qb2 30. Rc2 Qa1 31. Re2 Qd1 32. Re1 Qd3 33. Qa4 R5d7 34. Re3
Qd5 35. Qa6 c4 36. Kh3 h6 37. Nh2 Bxe5 38. Ng4 Bg7 39. Rxe6 Rd6 40. Rxd6 Rxd6
41. Qxa7 c3 42. Qb8+ Rd8 43. Qb1 Qd3+ 0-1

[Event "World Senior 65+ 2014"]
[Site "Katerini GRE"]
[Date "2014.10.29"]
[Round "6.36"]
[White "Susanto, Budhi"]
[Black "Yakovlev, Yuri S."]
[Result "1/2-1/2"]
[WhiteElo "1724"]
[BlackElo "1992"]
[WhiteFideId "7104979"]
[BlackFideId "4173929"]
[EventDate "2014.10.24"]

1. d4 d5 2. Nf3 c6 3. Bf4 e6 4. e3 Bd6 5. Bg3 Bxg3 6. hxg3 Nd7 7. Bd3 Ngf6 8.
Nbd2 Qe7 9. c3 e5 10. dxe5 Nxe5 11. Nxe5 Qxe5 12. Nf3 Qe7 13. Qc2 Ne4 14. O-O-O
Bg4 15. Rh4 h5 16. Rdh1 O-O-O 17. Nd4 g5 18. R4h2 h4 19. gxh4 gxh4 20. Re1 Qe5
21. Reh1 Qf6 22. Bxe4 dxe4 23. Qxe4 Bd7 24. f3 c5 25. Nb3 Bc6 26. Qc4 b6 27.
Rxh4 Rxh4 28. Qxh4 Qd6 29. Qg4+ Kb7 30. Qf5 Rd7 31. Qc2 Qg3 32. e4 Qg5+ 33. Kb1
f5 34. exf5 Rf7 35. Nc1 c4 36. b3 Rd7 37. f6 Qxf6 38. Ne2 cxb3 39. axb3 Rg7 40.
Nd4 Bd5 41. Rh7 Bg8 42. Rxg7+ Qxg7 43. Qe4+ Ka6 44. b4 Bh7 45. b5+ Ka5 46. Nf5
Qxc3 47. g4 Qb3+ 48. Kc1 Qxb5 49. Qe1+ Ka6 50. Qe4 Qc5+ 51. Kd2 b5 52. Qe6+ Ka5
53. Nd6 Qd4+ 54. Ke1 Bd3 55. Nb7+ Kb4 56. Qe7+ Kb3 57. Nc5+ Kc2 58. Nxd3 Qxd3
59. g5 b4 60. Qe2+ Qxe2+ 61. Kxe2 b3 62. g6 b2 63. g7 b1=Q 64. g8=Q Qb5+ 65. Kf2
Qc5+ 1/2-1/2

[Event "World Senior 65+ 2014"]
[Site "Katerini GRE"]
[Date "2014.10.29"]
[Round "6.37"]
[White "Choong, Liong-On Mark"]
[Black "El Gheiadi, I."]
[Result "1/2-1/2"]
[WhiteTitle "CM"]
[WhiteElo "1921"]
[BlackElo "2085"]
[WhiteFideId "5806410"]
[BlackFideId "9200037"]
[EventDate "2014.10.24"]

1. c4 c6 2. Nf3 d5 3. g3 Nf6 4. Bg2 e6 5. b3 Bd6 6. Bb2 Qe7 7. O-O Nbd7 8. Qc2
O-O 9. Nc3 a6 10. a4 b6 11. d3 Bb7 12. Rfe1 Rac8 13. e4 e5 14. exd5 cxd5 15. Nh4
g6 16. Bc1 Bb4 17. Re2 Rfe8 18. Bg5 Bxc3 19. Qxc3 d4 20. Qd2 Bxg2 21. Nxg2 Qd6
22. f3 Nc5 23. Rb1 Re6 24. Ne1 Nh5 25. Qc2 a5 26. Bc1 Nd7 27. Qd1 Rce8 28. Nc2
f5 29. Ba3 Qc6 30. Qf1 Nc5 31. Ree1 Qd6 32. b4 axb4 33. Bxb4 e4 34. fxe4 fxe4
35. a5 bxa5 36. Bxc5 Qxc5 37. Rb7 Rf8 38. Qh3 Rb6 39. Rxb6 Qxb6 40. Rxe4 Qf6 41.
Qe6+ Qxe6 42. Rxe6 Ra8 43. Na3 Ng7 44. Re5 Nf5 45. Kf2 a4 1/2-1/2

[Event "World Senior 65+ 2014"]
[Site "Katerini GRE"]
[Date "2014.10.29"]
[Round "6.38"]
[White "Kiselev, Alexander"]
[Black "Pihlajamaki, Antti"]
[Result "1-0"]
[WhiteElo "2122"]
[BlackElo "1863"]
[WhiteFideId "14105900"]
[BlackFideId "503290"]
[EventDate "2014.10.24"]

1. e4 e5 2. Nf3 Nc6 3. Bb5 a6 4. Ba4 Bc5 5. O-O Nf6 6. Nxe5 O-O 7. Nxc6 dxc6 8.
Qf3 Bg4 9. Qf4 Qd4 10. Nc3 b5 11. Bb3 b4 12. Na4 Bd6 13. Qe3 Qe5 14. g3 Qh5 15.
f3 Be6 16. d4 Bxb3 17. cxb3 Rae8 18. Kg2 h6 19. Bd2 g5 20. h3 Qg6 21. Nc5 Bxc5
22. dxc5 Nh5 23. Bxb4 Nf4+ 24. Kh2 Nd5 25. Qd2 Nxb4 26. Qxb4 Rd8 27. Rad1 Rxd1
28. Rxd1 h5 29. Qd4 g4 30. hxg4 hxg4 31. f4 Qh5+ 32. Kg1 Qh3 33. Qf2 Re8 34. Rd4
Qh8 35. Qd2 Qh3 36. Qd3 Kg7 37. Rd7 Rxe4 38. Qxe4 Qxg3+ 39. Kf1 1-0

[Event "World Senior 65+ 2014"]
[Site "Katerini GRE"]
[Date "2014.10.29"]
[Round "6.39"]
[White "Urbanc, Vinko"]
[Black "Ben-Zeev, Moshe"]
[Result "1-0"]
[WhiteElo "1849"]
[BlackElo "1963"]
[WhiteFideId "14607425"]
[BlackFideId "2807203"]
[EventDate "2014.10.24"]

1. e4 c6 2. Nc3 d5 3. d4 dxe4 4. Nxe4 Nf6 5. Ng3 e5 6. Be3 exd4 7. Bxd4 Be7 8.
Nf3 Bg4 9. Be2 O-O 10. O-O c5 11. Be3 Nc6 12. c3 Qc7 13. h3 Rad8 14. Qa4 Bd7 15.
Bf4 Qc8 16. Rfd1 Rfe8 17. Qc2 h6 18. Rd2 Be6 19. Rxd8 Rxd8 20. Rd1 Rd5 21. b3
Qd8 22. c4 Rxd1+ 23. Qxd1 Qa5 24. Bd6 Bxd6 25. Qxd6 Qxa2 26. Qxc5 Qxb3 27. Nd4
Nxd4 28. Qxd4 Qa3 29. Qd8+ Qf8 30. Qa5 Qb8 31. Nf5 Bxf5 32. Qxf5 Qc7 33. g4 b6
34. h4 Qe7 35. Bf3 g6 36. Qf4 Kg7 37. Kg2 Qc5 38. Be2 a5 39. Qd2 a4 40. f4 a3
41. Qc3 Qf2+ 42. Kxf2 1-0

[Event "World Senior 65+ 2014"]
[Site "Katerini GRE"]
[Date "2014.10.29"]
[Round "6.40"]
[White "Borensztajn, David"]
[Black "Zamahari, Abang Draup"]
[Result "1-0"]
[WhiteElo "1940"]
[BlackElo "1603"]
[WhiteFideId "2106817"]
[BlackFideId "5704057"]
[EventDate "2014.10.24"]

1. e4 e5 2. Nf3 Nc6 3. Bc4 Bc5 4. O-O Nf6 5. d3 O-O 6. Nc3 h6 7. a3 a6 8. Nd5 b5
9. Ba2 d6 10. c3 Bb7 11. Be3 Bxe3 12. Nxe3 Kh8 13. Nf5 Ne7 14. Ne3 Nh7 15. Nh4
Qd7 16. Qh5 Nf6 17. Qe2 g5 18. Nhf5 Kh7 19. f3 Ng6 20. g3 Rg8 21. Rad1 c5 22.
Qg2 Rh8 23. d4 cxd4 24. cxd4 d5 25. dxe5 Nxe5 26. Bxd5 Nxd5 27. Nxd5 Bxd5 28.
Rxd5 Qc7 29. Rd6 Ng6 30. Qh3 Kg8 31. Rfd1 h5 32. Rd7 Qc5+ 33. Kh1 Qb6 34. Qf1 h4
35. Qe1 Ne5 36. Qc3 Re8 37. Ne7+ Rxe7 38. Rxe7 Ng6 39. Re8+ Kh7 40. Rxh8+ Nxh8
41. gxh4 gxh4 42. Qd4 Qg6 43. Rg1 Qh6 44. Qd8 Ng6 45. Qd7 Qf4 46. Qg4 Qe5 47.
Qf5 Qe7 48. f4 Kg7 49. h3 Qd6 50. Qg4 Kf8 51. e5 Qd5+ 52. Kh2 Qd2+ 53. Rg2 Qxf4+
54. Qxf4 Nxf4 55. Rd2 Ng6 56. Rd6 Nxe5 57. Rxa6 Nc4 58. b4 Kg7 59. Kg2 f6 60.
Kf3 Ne5+ 61. Kf4 Kg6 62. Rb6 Nc4 63. Ra6 Ne5 64. Ra8 Nd3+ 65. Kg4 Ne5+ 66. Kxh4
f5 67. Kg3 Kg5 68. Rg8+ Kf6 69. Rb8 Nc4 70. Rxb5 Nxa3 71. Rc5 Nb1 72. b5 Nd2 73.
Rc6+ Ke5 74. b6 f4+ 75. Kf2 Ne4+ 76. Ke1 Nd6 77. Rc7 1-0

[Event "World Senior 65+ 2014"]
[Site "Katerini GRE"]
[Date "2014.10.29"]
[Round "6.41"]
[White "Tobar Salas, Juan Carlos"]
[Black "Rubinstein, Mark"]
[Result "1/2-1/2"]
[WhiteElo "1538"]
[BlackElo "1931"]
[WhiteFideId "3416682"]
[BlackFideId "2807076"]
[EventDate "2014.10.24"]

1. d4 d5 2. Nf3 Nf6 3. Bf4 Bf5 4. e3 h6 5. h3 g5 6. Be5 Nbd7 7. Bh2 Bg7 8. c4 c6
9. Qb3 Qb6 10. Nc3 e6 11. c5 Qxb3 12. axb3 O-O 13. b4 b5 14. Nd2 Rfc8 15. Ra6
Ne8 16. Be2 e5 17. Nb3 Nb8 18. Ra3 f6 19. O-O Nc7 20. Rfa1 a6 21. f4 gxf4 22.
exf4 e4 23. g4 Bd7 24. f5 Ra7 25. Kf2 h5 26. Bf4 hxg4 27. hxg4 Kf7 28. Rh1 Rh8
29. Raa1 Rxh1 30. Rxh1 Bc8 31. Nd1 Nd7 32. Na5 Nb8 33. Nb3 Nd7 34. Ne3 Ne8 35.
g5 fxg5 36. Bh5+ Kf8 37. Bxg5 Ndf6 38. Bxe8 Nxe8 39. Kg3 Rf7 40. Kf4 Nf6 41. Na5
Bd7 42. Nb7 Kg8 43. Nd6 Rf8 44. Bh6 Bxh6+ 45. Rxh6 Ne8 46. Ng4 Nxd6 47. cxd6
Rxf5+ 48. Kg3 Rg5 49. Rh4 e3 50. Kf3 Rxg4 51. Rxg4+ Bxg4+ 52. Kxg4 Kf7 53. Kf3
e2 54. Kxe2 Ke6 55. d7 Kxd7 56. Ke3 Kc7 57. Kf4 Kb6 58. Ke5 a5 59. bxa5+ Kxa5
60. Kd6 Kb4 61. Kxc6 Kc4 62. b4 Kxd4 63. Kxb5 Ke4 64. Kc5 d4 65. b5 d3 66. b6 d2
67. b7 d1=Q 68. b8=Q Qc2+ 69. Kb6 1/2-1/2

[Event "World Senior 65+ 2014"]
[Site "Katerini GRE"]
[Date "2014.10.29"]
[Round "6.42"]
[White "Haupt, Joachim"]
[Black "Zurel, Maxim"]
[Result "0-1"]
[WhiteElo "1874"]
[BlackElo "1725"]
[WhiteFideId "4698487"]
[BlackFideId "816710"]
[EventDate "2014.10.24"]

1. e4 e5 2. Nf3 d6 3. Bc4 Be7 4. O-O Nf6 5. Re1 O-O 6. c3 Be6 7. Bxe6 fxe6 8.
Qb3 Qd7 9. Ng5 d5 10. exd5 Nxd5 11. Ne4 Qc6 12. d3 Nd7 13. Nbd2 Nf4 14. c4 Nc5
15. Qc3 Ncxd3 16. Re3 Bc5 17. Rxd3 Ne2+ 0-1

[Event "World Senior 65+ 2014"]
[Site "Katerini GRE"]
[Date "2014.10.29"]
[Round "6.43"]
[White "Booth, Anthony"]
[Black "Topaloglu, Hayati"]
[Result "0-1"]
[WhiteElo "1796"]
[BlackElo "1848"]
[WhiteFideId "4302699"]
[BlackFideId "6310338"]
[EventDate "2014.10.24"]

1. e4 e6 2. d4 d5 3. e5 c5 4. c3 Nc6 5. Nf3 Qb6 6. Be2 cxd4 7. cxd4 Bb4+ 8. Nc3
Nge7 9. O-O O-O 10. a3 Bxc3 11. bxc3 Bd7 12. Bd2 Na5 13. Rb1 Qc7 14. Qc2 b6 15.
Ng5 g6 16. Nf3 Nf5 17. g4 Ng7 18. Bh6 Rac8 19. Rfc1 Nc4 20. Bxc4 dxc4 21. Qe4
Bc6 22. Qf4 Qd7 23. Nh4 Rfd8 24. f3 Qd5 25. Rf1 Ne8 26. Ng2 Qa5 27. Qc1 Rd7 28.
h4 f6 29. exf6 Nxf6 30. Nf4 Re8 31. Qe3 Rf7 32. Ra1 e5 33. Ne2 exd4 34. Qxd4
Rxe2 35. Qxc4 Qc5+ 36. Qxc5 bxc5 37. Rab1 Rb7 38. Rbd1 Nd7 39. Rd6 Rbb2 40. Bf4
Bb5 41. Rfd1 Ba4 42. Rc1 Kf7 43. g5 Ke7 44. Ra6 Bb5 45. Rxa7 Ke6 46. Rd1 Kf5 47.
a4 Kxf4 48. axb5 Kg3 49. Raxd7 Rg2+ 50. Kf1 Rbf2+ 51. Ke1 Rg1# 0-1

[Event "World Senior 65+ 2014"]
[Site "Katerini GRE"]
[Date "2014.10.29"]
[Round "6.44"]
[White "Rozewicz, Joseph"]
[Black "Hernandez M., Emilio Gustavo"]
[Result "0-1"]
[WhiteElo "1576"]
[BlackElo "1801"]
[WhiteFideId "403318"]
[BlackFideId "3901475"]
[EventDate "2014.10.24"]

1. e4 c5 2. Nc3 Nc6 3. g3 g6 4. Bg2 Bg7 5. d3 e6 6. Be3 d6 7. Qd2 Nge7 8. Nge2
Nd4 9. Nd1 e5 10. c3 Nxe2 11. Qxe2 Be6 12. O-O O-O 13. Qd2 Rc8 14. Bh6 d5 15.
Bxg7 Kxg7 16. exd5 Bxd5 17. Bxd5 Nxd5 18. Ne3 Qg5 19. Nc4 Qe7 20. Qe1 f6 21. Ne3
Rcd8 22. Nxd5 Rxd5 23. f4 Qd6 24. fxe5 Rxe5 25. Qd2 Rd5 26. Rad1 Rd8 27. Rf3 Rd7
28. Qe2 Re7 29. Re3 Rde5 30. Rxe5 Rxe5 31. Qf3 Qe7 32. d4 Rf5 33. Qd3 Rd5 34.
Qf3 Qd7 35. Qf2 Qg4 36. Rd2 cxd4 37. Rxd4 Rxd4 38. Qxd4 Qxd4+ 39. cxd4 Kf7 40.
Kf2 Ke6 41. Ke3 Kd5 42. b3 f5 43. h4 h6 44. a3 b6 45. Kd3 a6 46. a4 a5 47. Ke3
g5 48. h5 Ke6 49. Kf3 Kd6 50. Ke2 Kd5 51. Ke3 Kc6 52. Kf3 b5 53. Ke2 bxa4 54.
bxa4 Kd5 55. Kd3 f4 56. gxf4 gxf4 57. Ke2 Kxd4 58. Kf3 Ke5 59. Kf2 Kf5 60. Kf3
Kg5 0-1